000 00769cam a2200229 a 4500
001 000005147
005 20200929151606.0
008 980108s1996 mx 001 p spa
020 _a9682987652
040 _aDO-SdBNP
_cDLC
082 _aM861.44
_bG216a
100 1 _aGarcía Bergua, Alicia,
_d1954-
_914730
245 1 3 _aLa anchura de la calle /
_cAlicia García Bergua.
260 _aMéxico, D.F. :
_bConsejo Nacional para la Cultura y las Artes. Dirección General de Publicaciones,
_c1996.
300 _a62 p. ;
_c22 cm.
490 1 _aPráctica Mortal
650 4 _aPoesía mexicana
_99120
650 4 _aLiteratura mexicana
_91922
650 4 _aLiteratura latinoaméricana
_94717
830 0 _aPráctica Mortal.
_914083
910 _aCatalogación por copia / LC
999 _c4950
_d4950